000 01069nam1a22002891 4500
001 rc\3051389
005 20250807185354.0
035 _a(NLR Aleph) 007190827
090 _a88696
_c88696
100 _a20111010d1941 u y0rusy50 ca
101 0 _arus
102 _aRU
105 _ay z |||||
200 1 _aИзбранные произведения
_eТ. 1-
210 _aМосква
_cВоениздат
_d1941
215 _d26 см
300 _aПредисл. акад. Е. Тарле, с. V-VIII
700 0 _aНаполеон
_cимператор французский
_dI
_f1769-1821
_3RU\NLR\AUTH\772913
702 1 _aТарле
_bЕ. В.
_f1875-1955
_gЕвгений Викторович
_3RU\NLR\AUTH\7716336
_4080
801 0 _aRU
_bNLR
_gpsbo
801 1 _aRU
_bELAR
_2rusmarc
852 _aNLR
_jИ80 Г-7/1(1)
942 _cBOOK
945 _aРоссийская национальная библиотека
_aЦентральная городская библиотека Нижнего Новгорода
980 _aBV
980 _aNB